000
00287nam a2200121Ia 4500
008
190216s9999||||xx |||||||||||||| ||und||
100
_a
Warwick Shakespeare
245
4
_a
The Tragedy Of Macbeth
260
_b
Blacke & Son
_c
1956
300
_a
167
650
_a
English Drama
942
_c
BK
999
_c
11910
_d
11910